Statistiken für Buchtitel erraten

Klicken Sie hier um das Quiz zu spielen!

Allgemein

  • Dieses Quiz wurde 44 mal gespielt
  • Das Durchschnittsergebnis liegt bei 15 aus 35

Antwortstatistiken

AutorAndersAntwort% Korrekt
George OrwellMark Zuckerberg wird in diesem Jahr geboren1984
87%
Michael EndeEwig andauernde ErzählungDie unendliche Geschichte
82%
Charlotte RocheFast nasse GegendenFeuchtgebiete
82%
Günter GrassInstrument aus MischmetallDie Blechtrommel
76%
Joanne K. RowlingDieser Junge + Geröll der Wissendenund der Stein der Weisen
76%
J.R.R. TolkienEine Art JuwelierDer Herr der Ringe
74%
Franz KafkaAlles vor dem UrteilDer Prozess
71%
Lewis CarollMädchen in der TraumweltAlice im Wunderland
68%
Dan BrownVergehen gegen HeiligesSakrileg
66%
Herman MelvilleBekannteste Angel-Geschichte der WeltMoby Dick
63%
Daniel DefoeBericht eines GestrandetenRobinson Crusoe
63%
J.D. SalingerDer Erwischende im GetreideDer Fänger im Roggen
61%
Isabel AllendeErste Frau + MondgöttinEva Luna
61%
Umberto EcoAlias eines GewächsesDer Name der Rose
50%
Siegfried LenzNicht MatheDeutschstunde
50%
Isabel AllendeHier spukt es wohl...Das Geisterhaus
47%
Jonas JonassonAlter Mann geht wegDer Hundertjährige, der aus dem Fenster stieg und verschwand
45%
Günter GrassEin FischDer Butt
42%
Daniel Kehlmann40.000km mit dem LinealDie Vermessung der Welt
39%
Johannes Mario SimmelGegenteil: Jeder ist ein FestlandNiemand ist eine Insel
37%
Gabriel Garcia MarquezZuneigung während DurchfallerkrankungDie Liebe in den Zeiten der Cholera
34%
Charles DickensEnttäuschend: Nicht die Biografie eines MagiersDavid Copperfield
32%
Hildegard KnefKein gekauftes PferdDer geschenkte Gaul
32%
Gabriel Garcia MarquezSo lang allein...Hundert Jahre Einsamkeit
32%
John GrishamBewertet deinen AuftrittDie Jury
29%
Jostein GaarderMädchen denkt über die großen Themen der Philosophie nachSofies Welt
24%
Isabel AllendeGegenteil von Hass und LichtVon Liebe und Schatten
18%
Marcel ProustWochenzeitschrift wurde wohl verlegtAuf der Suche nach der verlorenen Zeit
16%
Noah GordonEin GeistheilerDer Schamane
13%
Benoit GroultJeder Mensch nach einem Tag am MeerSalz auf unserer Haut
13%
Henning MankellEr, nach einem ScherzDer Mann, der lächelte
11%
Shirley Ann GrauSo eine Art TürsteherDie Hüter des Hauses
8%
Eric Malpass... und dann kommt die ArbeitMorgens um sieben ist die Welt noch in Ordnung
8%
Peter BammDas LebenEines Menschen Zeit
5%
Heinrich BöllEndlich wieder zuhauseEnde einer Dienstfahrt
0%

Verteilung der Resultate

Perzentil nach korrekt beantworteten Fragen

Anzahl Personen mit jedem Resultat

Ihre Resultats-Entwicklung

Sie haben dieses Quiz noch nicht gespielt